Cricketer to Country - Click Quiz - Statistics

General Stats
  • This quiz has been taken 88 times
  • The average score is 11 of 20
Answer Stats
Hint Answer % Correct
Sachin Tendulkar India
88%
Rashid Khan Afghanistan
83%
Jimmy Anderson England
81%
Michael Clarke Australia
71%
Aravinda da Silva Sri Lanka
70%
Kevin O'Brien Ireland
66%
Umar Gul Pakistan
66%
Shaun Pollock South Africa
66%
Ryan ten Doeschate Netherlands
57%
Andy Flower Zimbabwe
57%
Grant Elliott New Zealand
55%
Calum MacLeod Scotland
45%
Brian Lara Trinidad and Tobago
45%
Monank Patel United States
40%
Viv Richards Antigua and Barbuda
39%
Garfield Sobers Barbados
35%
Bilal Khan Oman
30%
Ruben Trumpelmann Namibia
29%
Daren Sammy Saint Lucia
27%
Courtney Walsh Jamaica
23%
No matching quizzes found
Score Distribution
Percent of People with Each Score
Percentile by Number Answered
Your Score History
You have not taken this quiz